01973cam a22004574i 4500003000900000005001700009008004100026020001500067035002700082040003300109049000900142082002100151100003000172245008000202264005000282300003800332336002100370337002500391338002300416504002800439505038700467526001000854526001000864526001000874526001000884526000800894526000800902526000800910526000800918526000800926526000800934526000800942650004600950942001400996949012401010994001401134596000601148999015001154980005501304952015601359PE-LiUPU20250731173005.0150623s r 000 0 d a0801058090 a(Sirsi) i9780801058097 aPE-LiUPUbspacPE-LiUPUerda aPRUA04a236.909bK992211 aKyle, Richard G.,eautor.14aThe last days are here again :ba history of the end times /cRichard Kyle. 1aGrand Rapids, Michigan :bBaker Books,c1998. a255 páginas ;c23 centímetros atext2rdacontent aunmediated2rdamedia avolume2rdacarrier aIncluye bibliografía.0 aThe End is Upon Us.- apocalypse Postponed: Early Christianity.- The Slumbering apocalypse: Medieval Christianity.- The On-again, Off-Again apocalypse: The Reformation and Beyond.- america and the Great Millennial Hope.- Rapture Fever; The Doom Goom Has Arrived.- eager for the End: Messiahs and Prophets.- The End Wirhout God: The Secular apocalypse.- 2ooo and a Few Afterthoughts. aSEG42 aSEG41 aSEG40 aSEG39 aP94 aP87 aP86 aP85 aP77 aP76 aP3504aFin del mundoxHistoria de las doctrinas. 2ddccBOOK a236.909 K99wDEWEYc1i45684lCCODEBUL1mBULr0sYtBOOKu2015-6-24xTEOLOGIAPP350COMPRAo.STAFF. Colección General aC0bPEPRU a1 a236.909 K99wDEWEYc22562i45684f2021-11-11g5lCCODEBUL1mBULr0sYtBOOKu2015-6-24xTEOLOGIAPP350COMPRAo.STAFF. Colección Generald22562 81gALBERTO SANCHEZ Responsable de Automatización r2025-12-03 00:00:00i6l0o236.909 K99p45684te1w2015-06-24xFTyBKzinventario-2023-12-13102ddc50708GENfP35aBULbBULcGENd2015-06-24eCOMPRA